• 首页
  • 本馆介绍
  • 公告通知
  • 最新文献
  • 馆藏检索
  • 电子资源
  • 读者导购
  • 参考咨询
  • 我的图书馆
  • 登录
  • 详细信息显示
  • 放入我的书架
  • 预约/预借图书
  • 作者相关作品
  • 分类相关作品
  • 丛书相关作品
  • 出版社相关作品

书目信息

  • 表格格式
  • 工作单格式
  • 卡片格式
题名:
旅游景观规划与景观提升设计研究
    
 
作者: 张燕 著
分册:  
出版信息: 北京   中国水利水电出版社  2019.04
页数: 249页
开本: 24cm
丛书名:
单 册:
中图分类: TU984.181
科图分类:
主题词: 旅游区--lu^ you qu--景观规划--研究 , 旅游区--lu^ you qu--景观设计--研究
电子资源:
ISBN: 978-7-5170-7403-8
000 01102nam0 2200253 450
001 CAL 0120192738723
005 20230217093111.0
010    @a978-7-5170-7403-8@dCNY77.00
100    @a20190424d2019 em y0chiy0120 ea
101 0  @achi
102    @aCN@b110000
105    @aa a 000yy
106    @ar
200 1  @a旅游景观规划与景观提升设计研究@Alu^ you jing guan gui hua yu jing guan ti sheng she ji yan jiu@f张燕著a
210    @a北京@c中国水利水电出版社@d2019.04
215    @a249页@c图@d24cm
320    @a有书目 (第247-249页)
330    @a旅游景观设计不仅承担着创造新旅游景观、为地方旅游业发展创造条件两大任务, 同时还应该承担着创造、传承和传播旅游文化的目的。全书在论述景观与旅游景观、旅游景观的特性及属性、旅游景观的学科研究基础之上, 重点对旅游景观设计的基本理论、依据, 景元素设计方法等内容进行了详尽的阐述。本书逻辑清楚, 叙述语言简洁, 内容详尽, 实用性强。
606 0  @a旅游区@Alu^ you qu@x景观规划@x研究
606 0  @a旅游区@Alu^ you qu@x景观设计@x研究
690    @aTU984.181@v5
701  0 @a张燕@Azhang yan@4著
801  0 @aCN@bBJXHZP@c20230228
905    @b1406008-11@dTU984.181@e2166@f4
    
    旅游景观规划与景观提升设计研究/张燕著a.-北京:中国水利水电出版社,2019.04
    249页:图;24cm
    
    
    ISBN 978-7-5170-7403-8:CNY77.00
    旅游景观设计不仅承担着创造新旅游景观、为地方旅游业发展创造条件两大任务, 同时还应该承担着创造、传承和传播旅游文化的目的。全书在论述景观与旅游景观、旅游景观的特性及属性、旅游景观的学科研究基础之上, 重点对旅游景观设计的基本理论、依据, 景元素设计方法等内容进行了详尽的阐述。本书逻辑清楚, 叙述语言简洁, 内容详尽, 实用性强。
●
相关链接 在E读中查询图书 在五车中查询图书 在当当中查询图书 在豆瓣中查询图书


正题名:旅游景观规划与景观提升设计研究     索取号:TU984.181/2166         预约/预借

序号 登录号 条形码 馆藏地/架位号 状态 备注
1 1406008   214060086   第二样本阅览室/ [索取号:TU984.181/2166] 在馆    
2 1406009   214060095   第三借阅区/ [索取号:TU984.181/2166] 在馆    
3 1406010   214060102   第三借阅区/ [索取号:TU984.181/2166] 在馆    
4 1406011   214060111   第三借阅区/ [索取号:TU984.181/2166] 在馆    
唐山师范学院图书馆 欢迎您!
大连网信软件有限公司© 版权所有